00333nam a2200133Ia 4500008004100000041000800041082001400049100001800063245004200081250001400123260003900137300001600176365000700192240624s9999 xx 000 0 und d aeng a519.2 HOG aHOGG ROBERT V aPROBABILITY AND STATISTICAL INFERENCE a(6th ed.) c2004aNew DelhibPearson Education axiii, : 704 cRS